The dynamics of personality and motivational patterns amongst athletes / (Record no. 158522)
[ view plain ]
| 000 -LEADER | |
|---|---|
| fixed length control field | 00601nam a22001937a 4500 |
| 005 - DATE AND TIME OF LATEST TRANSACTION | |
| control field | 20181105122601.0 |
| 010 ## - LCCN (DPL NO) | |
| LC control number | ENG-124433 |
| 020 ## - INTERNATIONAL STANDARD BOOK NUMBER | |
| International Standard Book Number | 9788171921386 |
| Terms of availability | 800.00 |
| 035 ## - SYSTEM CONTROL NUMBER | |
| System control number | EN-107965 |
| 037 ## - SOURCE OF ACQUISITION | |
| Source of stock number/acquisition | DBAD/PUB |
| 082 ## - DEWEY DECIMAL CLASSIFICATION NUMBER | |
| Classification number | 796.01 |
| 100 ## - MAIN ENTRY--PERSONAL NAME | |
| Personal name | Yawalikar, Hemant B. |
| 245 ## - TITLE STATEMENT | |
| Title | The dynamics of personality and motivational patterns amongst athletes / |
| Statement of responsibility, etc | by Hemant B.Yawalikar |
| 260 ## - PUBLICATION, DISTRIBUTION, ETC. (IMPRINT) | |
| Place of publication, distribution, etc | Nagpur |
| Name of publisher, distributor, etc | Dattsons |
| Date of publication, distribution, etc | 2017 |
| 270 ## - ADDRESS | |
| Address | J.N. Marg, Sadar |
| City | Nagpur |
| Postal code | 440001 |
| 300 ## - PHYSICAL DESCRIPTION | |
| Extent | 159p. |
| Dimensions | 21cm(Hb) |
| Other physical details | ill. |
| 500 ## - GENERAL NOTE | |
| General note | It includes bibliography. |
| 942 ## - ADDED ENTRY ELEMENTS (KOHA) | |
| Source of classification or shelving scheme | Dewey Decimal Classification |
| Item type | English Books |
| Classification part | 796.01 |
| Call number suffix | YAW |
| Withdrawn status | Lost status | Not for loan | Collection code | Home library | Current library | Date acquired | Source of acquisition | Cost, normal purchase price | Full call number | Barcode | Copy number | Cost, replacement price | Koha item type |
|---|---|---|---|---|---|---|---|---|---|---|---|---|---|
| Not For Loan | Non-fiction | D.B.Act.Division | Bawana | 01/11/2018 | DBAD/PUB | 800.00 | 796.01 YAW | EN-107965 | 1 | 800.00 | English Books |
